Hydrological and limnological aspects of lake monitoring / (Record no. 532597)
[ view plain ]
| 000 -LEADER | |
|---|---|
| fixed length control field | 01563cam a22003975a 4500 |
| 001 - CONTROL NUMBER | |
| control field | 11787846 |
| 003 - CONTROL NUMBER IDENTIFIER | |
| control field | NUST |
| 005 - DATE AND TIME OF LATEST TRANSACTION | |
| control field | 20191126113309.0 |
| 008 - FIXED-LENGTH DATA ELEMENTS--GENERAL INFORMATION | |
| fixed length control field | 990914s2000 enka b 001 0 eng |
| 010 ## - LIBRARY OF CONGRESS CONTROL NUMBER | |
| LC control number | 99047678 |
| 020 ## - INTERNATIONAL STANDARD BOOK NUMBER | |
| International Standard Book Number | 0471899887 (alk. paper) |
| 038 ## - RECORD CONTENT LICENSOR | |
| Staff Name | MSOHAIL |
| 040 ## - CATALOGING SOURCE | |
| Original cataloging agency | DLC |
| Transcribing agency | DLC |
| Modifying agency | DLC |
| 042 ## - AUTHENTICATION CODE | |
| Authentication code | pcc |
| 050 00 - LIBRARY OF CONGRESS CALL NUMBER | |
| Classification number | GB1601.7 |
| Item number | .H94 2000 |
| 082 00 - DEWEY DECIMAL CLASSIFICATION NUMBER | |
| Classification number | 628.161 HEI |
| Edition number | 21 |
| 245 00 - TITLE STATEMENT | |
| Title | Hydrological and limnological aspects of lake monitoring / |
| Statement of responsibility, etc. | Edited by Pertti Heinonen, Giuliano Ziglio, André van der Beken. |
| 260 ## - PUBLICATION, DISTRIBUTION, ETC. | |
| Place of publication, distribution, etc. | Chichester ; |
| -- | New York : |
| Name of publisher, distributor, etc. | Wiley, |
| Date of publication, distribution, etc. | c2000. |
| 300 ## - PHYSICAL DESCRIPTION | |
| Extent | xix, 372 p. : |
| Other physical details | ill. (some col.) ; |
| Dimensions | 24 cm. |
| 440 #0 - SERIES STATEMENT/ADDED ENTRY--TITLE | |
| Title | Water quality measurements series |
| 9 (RLIN) | 6303 |
| 500 ## - GENERAL NOTE | |
| General note | H.B |
| 504 ## - BIBLIOGRAPHY, ETC. NOTE | |
| Bibliography, etc. note | Includes bibliographical references and index. |
| 650 #0 - SUBJECT ADDED ENTRY--TOPICAL TERM | |
| Topical term or geographic name entry element | Lakes |
| General subdivision | Observations. |
| 9 (RLIN) | 6304 |
| 650 #0 - SUBJECT ADDED ENTRY--TOPICAL TERM | |
| Topical term or geographic name entry element | Lakes |
| General subdivision | Models. |
| 9 (RLIN) | 6305 |
| 650 #0 - SUBJECT ADDED ENTRY--TOPICAL TERM | |
| Topical term or geographic name entry element | Hydrologic models. |
| 9 (RLIN) | 6306 |
| 650 #0 - SUBJECT ADDED ENTRY--TOPICAL TERM | |
| Topical term or geographic name entry element | Lake ecology |
| General subdivision | Models. |
| 9 (RLIN) | 6307 |
| 650 #0 - SUBJECT ADDED ENTRY--TOPICAL TERM | |
| Topical term or geographic name entry element | Water quality |
| General subdivision | Measurement. |
| 9 (RLIN) | 6132 |
| 700 1# - ADDED ENTRY--PERSONAL NAME | |
| Personal name | Heinonen, Pertti. |
| 9 (RLIN) | 6308 |
| 700 1# - ADDED ENTRY--PERSONAL NAME | |
| Personal name | Ziglio, G. |
| 9 (RLIN) | 6309 |
| 700 1# - ADDED ENTRY--PERSONAL NAME | |
| Personal name | Beken, André van der. |
| 9 (RLIN) | 6310 |
| 856 42 - ELECTRONIC LOCATION AND ACCESS | |
| Materials specified | Publisher description |
| Uniform Resource Identifier | <a href="http://www.loc.gov/catdir/description/wiley035/99047678.html">http://www.loc.gov/catdir/description/wiley035/99047678.html</a> |
| 856 4# - ELECTRONIC LOCATION AND ACCESS | |
| Materials specified | Table of Contents |
| Uniform Resource Identifier | <a href="http://www.loc.gov/catdir/toc/onix07/99047678.html">http://www.loc.gov/catdir/toc/onix07/99047678.html</a> |
| 906 ## - LOCAL DATA ELEMENT F, LDF (RLIN) | |
| a | 7 |
| b | cbc |
| c | orignew |
| d | 2 |
| e | ncip |
| f | 19 |
| g | y-gencatlg |
| 942 ## - ADDED ENTRY ELEMENTS (KOHA) | |
| Source of classification or shelving scheme | |
| Koha item type | Book |
| Call number prefix | IESE |
| Withdrawn status | Lost status | Source of classification or shelving scheme | Damaged status | Not for loan | Permanent Location | Current Location | Date acquired | Total Checkouts | Full call number | Barcode | Date last seen | Price effective from | Koha item type |
|---|---|---|---|---|---|---|---|---|---|---|---|---|---|
| School of Civil and Environmental Engineering (SCEE) | School of Civil and Environmental Engineering (SCEE) | 11/26/2019 | 628.161 HEI | NIT-12448 | 11/26/2019 | 11/26/2019 | Book |
